| 000 | 00784nam a22002177a 4500 | ||
|---|---|---|---|
| 999 |
_c17823 _d17823 |
||
| 003 | AR-CdUCM | ||
| 008 | 190509b ||||| |||| 00| 0 espa d | ||
| 040 |
_aMUNICIPALIDAD PROVINCIAL DEL CUSCO _cBIBLIOTECA MUNICIPAL DEL CUSCO |
||
| 082 |
_a200.8 / _bT26 |
||
| 100 |
_aTawney, R. H. _938005 |
||
| 245 |
_aLa religion en el origen del capitalismo : _bEstudio Historico / |
||
| 260 |
_aBuenos Aires : _bDedalo, _c1959. |
||
| 300 |
_a341 paginas ; _c20 cm. |
||
| 500 | _aCapitalismo | ||
| 505 | _aContenido: Ambiente medieval -- Los reformadores continentales -- La iglesia de Inglaterra -- El movimiento puritano -- Conclusión... | ||
| 650 |
_aMedieval _95877 |
||
| 650 |
_aReformadores _938006 |
||
| 650 |
_aMovimiento _91984 |
||
| 942 |
_2ddc _cLIBROS |
||
| 945 |
_apjha _d2019-05-09 |
||